|
|
|
|
| LEADER |
01144nam a22002297a 4500 |
| 001 |
AAL9684 |
| 003 |
BD-DhAAL |
| 005 |
20180714133114.0 |
| 008 |
180714s 2017B ||||| |||| 00| 0 en d |
| 999 |
|
|
|c 39733
|d 39733
|
| 020 |
|
|
|a 9789842005022
|
| 040 |
|
|
|a BD-DhAAL
|c BD-DhAAL
|
| 082 |
|
|
|a 363.2/89
|
| 100 |
|
|
|a চৌধুরী, তওফিক মাহবুব
|9 27140
|
| 245 |
|
|
|a আমি জানি তুমি মিথ্যা বলছো :
|b মানুষের কথা বিশ্লেষণ করে স্তত-মিথ্যা বের করার পদ্ধতি /
|c তওফিক মাহবুব চৌধুরী
|
| 260 |
|
|
|a ঢাকা :
|b অ্যাডর্ন পাবলিকেশন্স,
|c ২০১৭
|
| 300 |
|
|
|a ২৩০ পৃ. ;
|c ২২ সে.মি.
|
| 541 |
|
|
|e 9684
|
| 650 |
|
|
|a Private investigators
|9 27141
|
| 852 |
|
|
|a Savar Campus Library
|c General Shelf
|
| 942 |
|
|
|2 ddc
|c BK
|
| 952 |
|
|
|0 0
|1 0
|2 ddc
|4 0
|6 363_200000000000000_89_CHO
|7 0
|9 63761
|a SCL
|b SCL
|c GEN
|d 2018-07-14
|e Development Book Agency
|g 405.00
|l 1
|m 1
|o 363.289 CHO
|p 3020009684
|r 2018-12-07
|s 2018-11-25
|t 1
|w 2018-07-14
|y BK
|